Módulo educacional sobre la conservación y manejo de los recursos naturales
Salvato in:
| Enti autori: | , |
|---|---|
| Natura: | Libro |
| Lingua: | spagnolo |
| Pubblicazione: |
Santiago
UNESCO
1986
Santiago OREALC 1986 |
| Serie: | Serie Educación Ambiental, 3
|
| Soggetti: | |
| Tags: |
Aggiungi Tag
Nessun Tag, puoi essere il primo ad aggiungerne!!
|
MARC
| LEADER | 00000nam a2200000 a 4500 | ||
|---|---|---|---|
| 001 | UCZ8492 | ||
| 003 | CL-VaPUC | ||
| 008 | 960121e19860000CL |||||||||||||||||spa|d | ||
| 082 | 0 | 4 | |a 372.357 |b UNE |2 21 |
| 110 | 2 | |a UNESCO |e author |9 353811 | |
| 710 | 2 | |a PNUMA |e author |9 353812 | |
| 245 | 1 | 0 | |a Módulo educacional sobre la conservación y manejo de los recursos naturales |
| 300 | |a 113 p | ||
| 942 | |c BK | ||
| 945 | |d 19960121 00:00:00 |a cmena | ||
| 260 | |a Santiago |b UNESCO |c 1986 | ||
| 260 | |a Santiago |b OREALC |c 1986 | ||
| 650 | 0 | |a Ecología |9 258124 | |
| 650 | 0 | |a Medio ambiente natural |9 338575 | |
| 650 | 0 | |a Ecosistemas |9 261477 | |
| 650 | 0 | |a Ciencias de la vida |9 314137 | |
| 650 | 7 | |a EQUILIBRIO ECOLOGICO |2 CL-VaPUC |9 352587 | |
| 650 | 0 | |a Métodos de enseñanza |9 270413 | |
| 650 | 0 | |a Educación ambiental |9 262920 | |
| 583 | |a last modification |c 20130414 01:05:20 |k Rodrigo Vera | ||
| 490 | 0 | |a Serie Educación Ambiental, 3 | |
| 999 | |c 244374 |d 244372 | ||
| 952 | |0 0 |1 0 |4 0 |6 372_357000000000000_UNE_1986_1986 |7 0 |8 P |9 258415 |a BIBEDU |b BIBEDU |c BIBEDU_PB |d 2019-11-19 |i 1614681 |o 372.357 UNE 1986 1986 |p 1614681 |r 2024-01-25 |w 2019-11-19 |y BK |k EDU | ||